000 01255naa a22003137a 4500
001 BR8706960
003 BR-BrBNA
005 20240918175857.0
007 ta
008 230509b bl.||||| |||| 00| 0 por d
040 _aBR-BrBNA
_bpor
_cBiblioteca Nacional de Agricultura
041 _a(Pt)
072 _aF01; F03
_b0170
090 _aF01 BR8706960
100 1 _aOrtolani, A.F.
100 1 _aBanzatto, D.A.
100 1 _aBortoli, N.M.
111 1 _a15. Congresso Brasileiro de Engenharia Agricola; 1. Feira Nacional de Equipamentos e Tecnicas Agropecuarias
_cSao Paulo, SP (Brazil)
_d8 Jul 1986
245 1 _aInfluencia da profundidade de semeadura e da compactacao do solo, na emergencia e desenvolvimento do sorgo granifero (Sorghum bicolor (L.)Moench)
260 3 _aSao Paulo, SP (Brasil):
_c1986.
500 _aAnais do 15. Congresso Brasileiro de Engenharia Agricola Sao Paulo, SP (Brasil): 1986. p. 27-39 (BR8706960-AM)F01
650 _aSORGO GRANIFERO
650 _aSEMEADURA
650 _aCOMPACTACAO DO SOLO
650 _aEMERGENCIA
773 0 _tAnais do 15. Congresso Brasileiro de Engenharia Agricola
_wF01 BR8706960
_gSao Paulo, SP (Brasil), 1986. p. 27-39
909 _a202404
_bLucia
_c55
_dLucia Elande
942 _cAM
_2AGRIS
999 _c318559
_d318559